MyGZULibrary

Amandla othando / (Record no. 4901)

MARC details
000 -LEADER
fixed length control field 00747cam a22002657a 4500
001 - CONTROL NUMBER
control field 14454906
003 - CONTROL NUMBER IDENTIFIER
control field GZU
005 - DATE AND TIME OF LATEST TRANSACTION
control field 20210325091846.0
008 - FIXED-LENGTH DATA ELEMENTS--GENERAL INFORMATION
fixed length control field 060717s2005 rh 000 0 nde
010 ## - LIBRARY OF CONGRESS CONTROL NUMBER
LC control number 2006318425
020 ## - INTERNATIONAL STANDARD BOOK NUMBER
International Standard Book Number 0869227920
040 ## - CATALOGING SOURCE
Original cataloging agency DLC
Transcribing agency DLC
Modifying agency DLC
041 0# - LANGUAGE CODE
Language code of text/sound track or separate title nde
Language code of summary or abstract eng
042 ## - AUTHENTICATION CODE
Authentication code lcode
050 00 - LIBRARY OF CONGRESS CALL NUMBER
Classification number PL8842
100 1# - MAIN ENTRY--PERSONAL NAME
Personal name Sigogo, Ndabezinhle S.,
Dates associated with a name 1932-
245 10 - TITLE STATEMENT
Title Amandla othando /
Statement of responsibility, etc. N.S. Sigogo.
260 ## - PUBLICATION, DISTRIBUTION, ETC.
Place of publication, distribution, etc. Gweru, Zimbabwe :
Name of publisher, distributor, etc. Mambo Press,
Date of publication, distribution, etc. 2005.
300 ## - PHYSICAL DESCRIPTION
Extent 99 p. ;
Dimensions 21 cm.
520 ## - SUMMARY, ETC.
Summary, etc. A novel.
546 ## - LANGUAGE NOTE
Language note In Ndebele, with summary in English.
906 ## - LOCAL DATA ELEMENT F, LDF (RLIN)
a 7
b cbc
c origode
d 4
e ncip
f 20
g y-gencatlg
942 ## - ADDED ENTRY ELEMENTS (KOHA)
Source of classification or shelving scheme Library of Congress Classification
Koha item type Books
Classification part 8842
Item part SIG
Call number prefix PL
Call number suffix 2005
Holdings
Withdrawn status Lost status Damaged status Not for loan Collection code Home library Current library Shelving location Date acquired Total Checkouts Full call number Barcode Date last seen Copy number Price effective from Koha item type Date last checked out
        Fiction City Campus Library City Campus Library General Stacks 03/25/2021   PL8842 SIG 2005 G21505 03/25/2021 c.1 03/25/2021 Books  
        Fiction City Campus Library City Campus Library   04/06/2021   PL8842 SIG 2005 9098 04/06/2021 c-1 04/06/2021 Books  
        Fiction City Campus Library City Campus Library General Stacks 04/28/2021   PL8842 SIG 2005 G22135 04/28/2021 c.3 04/28/2021 Books  
        Fiction City Campus Library City Campus Library General Stacks 04/28/2021   PL8842 SIG 2005 012506 04/28/2021 c.4 04/28/2021 Books  
        Fiction City Campus Library City Campus Library General Stacks 04/28/2021   PL8842 SIG 2005 G22110 04/28/2021 c.5 04/28/2021 Books  
        Fiction City Campus Library City Campus Library General Stacks 04/29/2021   PL8842 SIG 2005 012568 04/29/2021 c.6 04/29/2021 Books  
        Fiction City Campus Library City Campus Library General Stacks 04/29/2021   PL8842 SIG 2005 012505 04/29/2021 c.7 04/29/2021 Books  
        Fiction Mashava Campus Library Mashava Campus Library General Stacks 05/21/2021 1 PL8842 SIG 2005 012565 11/13/2021 c.8 05/21/2021 Books 11/07/2021